Design in Maritime Engineering (Record no. 3184)

000 -LEADER
fixed length control field 04355nam a22004095i 4500
007 - PHYSICAL DESCRIPTION FIXED FIELD--GENERAL INFORMATION
fixed length control field cr nn 008mamaa
008 - FIXED-LENGTH DATA ELEMENTS--GENERAL INFORMATION
fixed length control field 220215s2022 sz | s |||| 0|eng d
020 ## - INTERNATIONAL STANDARD BOOK NUMBER
International Standard Book Number 9783030899882
-- 978-3-030-89988-2
040 ## - CATALOGING SOURCE
Original cataloging agency IMU Kochi Library
Language of cataloging eng
041 0# - LANGUAGE CODE
Language code of text/sound track or separate title eng
082 04 - DEWEY DECIMAL CLASSIFICATION NUMBER
Classification number 620.0042
Edition number 23
245 10 - TITLE STATEMENT
Title Design in Maritime Engineering
Medium [electronic resource] :
Sub Title Contributions from the ICMAT 2021 /
250 ## - EDITION STATEMENT
Edition statement 1st ed. 2022.
300 ## - PHYSICAL DESCRIPTION
Extent XXIII, 464 p. 218 illus., 173 illus. in color.
Other physical details online resource.
490 1# - SERIES STATEMENT
Series statement Advanced Structured Materials,
Volume number/sequential designation 167
505 0# - FORMATTED CONTENTS NOTE
Formatted contents note Review of the Current Trend on Autonomous Vehicles in Developing Countries -- Review of Current Trends in Marine Energy on Large Tidal Current Turbine -- The National Contingency Plan Towards the Oil Spill Preparation and Response in Malaysia -- Simulation of Three-Point Bending Sandwich Composite Panel Through Finite Element Analysis -- The uses of Unmanned Aerial Vehicle (UAV) for Slope Mapping with the Determination of Potential Slope Hazard -- Tensile Strength: +45° Isotropic FRP Laminate with Different Universal Testing Machine -- Instruments utilized in Short Sea Shipping Research: A Review -- Issues on Palm Oil with Regard to The Revised MARPOL Annex II. A Re-view -- Assessing The Efficacy of The Advance Transfer Technique in Calculating Wheel Over Point Through Simulation Study -- Polysulfone/Cellulose Acetate Phthalate/Polyvinylpyrrolidone (PSf/CAP/PVP) Blend Membrane: Effect of Evaporation Time on Blend Membrane Characteristics -- Influence of Deadrise on the Dynamic Instability of A 14 Metres Custom Boat in Regular Waves -- The Implication of Container Floating Terminal on The Efficiency of Port Klang's Terminal Operations and Domestic Freight Forwarding Industry -- The Optical Properties of Polyvinyl Alcohol (PVA), Phosphorylated Polyvinyl Alcohol (PPVA) and Phosphorylated Polyvinyl Alcohol - Aluminum Phosphate (PPVA-AlPO4) - Nanocomposite. Effect of Phosphate Groups -- Tensile and corrosion resistance studies of MXenes/nanocomposites - A Review -- Effect of Nanofillers on The Mechanical Properties of Epoxy Nanocomposites -- The degradation of mechanical properties caused by acetone chemical treatment on 3D-printed PLA-carbon fibre composites -- Tensile and Morphology Analysis of Oil Palm Trunk (OPT) Specimen Re-inforced Epoxy Fabricated via Vacuum Assisted Resin Transfer Moulding (VARTM) -- The Analysis of Container Terminal Throughput Using ARIMA and SARIMA -- Investigation on theMechanical and Microstructural Characteristics of Diffusional Bonded Gray Cast Iron and Low Carbon Steel -- Examination Table Innovation Static into Dynamic which Ergonomic using Anthropometry Approach and Rational Method.
520 ## - SUMMARY, ETC.
Summary, etc This book covers several research outcomes of various fields and schools related to maritime operation, applications and materials science. Thirty-four research papers have been compiled from the 2nd International Conference on Marine and Advanced Technologies 2021 (ICMAT 2021) which was organized by the Research and Innovation Section of the Universiti Kuala Lumpur-MIMET. The chapters were written by experienced lecturers from various universities in Malaysia discussing various topics and sub-topics related to maritime engineering and materials science. These chapters portray the actual knowledge on the latest developments and trends of technologies in maritime industries. .
650 #0 - SUBJECT ADDED ENTRY--TOPICAL TERM
Topical term or geographic name as entry element Engineering design.
650 #0 - SUBJECT ADDED ENTRY--TOPICAL TERM
Topical term or geographic name as entry element Marine engineering.
650 14 - SUBJECT ADDED ENTRY--TOPICAL TERM
Topical term or geographic name as entry element Engineering Design.
650 24 - SUBJECT ADDED ENTRY--TOPICAL TERM
Topical term or geographic name as entry element Marine Engineering.
700 1# - ADDED ENTRY--PERSONAL NAME
Personal name Ismail, Azman.
Relator term
Relator code edt
-- http://id.loc.gov/vocabulary/relators/edt
700 1# - ADDED ENTRY--PERSONAL NAME
Personal name Dahalan, Wardiah Mohd.
Relator term
Relator code edt
-- http://id.loc.gov/vocabulary/relators/edt
700 1# - ADDED ENTRY--PERSONAL NAME
Personal name Öchsner, Andreas.
Relator term
Relator code edt
-- http://id.loc.gov/vocabulary/relators/edt
830 #0 - SERIES ADDED ENTRY--UNIFORM TITLE
Uniform title Advanced Structured Materials,
Volume number/sequential designation 167
852 ## - LOCATION/CALL NUMBER
Location IMU Kochi Library
856 40 - ELECTRONIC LOCATION AND ACCESS
Uniform Resource Identifier <a href="https://doi.org/10.1007/978-3-030-89988-2">https://doi.org/10.1007/978-3-030-89988-2</a>
904 ## - LOCAL DATA ELEMENT D, LDD (RLIN)
CATALOGER Rudra Ranjan
905 ## - LOCAL DATA ELEMENT E, LDE (RLIN)
VERIFIER Rudra Ranjan
942 ## - ADDED ENTRY ELEMENTS (KOHA)
Item type E-Book
264 #1 -
-- Cham :
-- Springer International Publishing :
-- Imprint: Springer,
-- 2022.
338 ## -
-- online resource
830 #0 - SERIES ADDED ENTRY--UNIFORM TITLE
-- 1869-8441 ;

No items available.



Copyright © All Rights Reserved by Indian Maritime University, Kochi Campus.
For any Suggestions/Query Contact to library or Email: library.kochi@imu.ac.in Ph:(0484)-2989402
(Web OPAC Designed by Rudra Ranjan. Maintained by IMU Kochi Library)

Powered by Koha